000 00578nam a2200193Ia 4500
005 20250122011923.0
008 240331s9999 xx 000 0 und d
020 _a29220084337
082 _bCAL
_26587
_a305.4
100 _aCallamard, A
245 0 _aInvestigating Women's Rights Violations:
_bin Armed Conflicts
260 _aOntario
_bAmnesty International
_c2001
260 _aQuebec
_bInternational Centre for Human Rights and Democratic Development
_c2001
300 _a224 p.,
650 _aWomen
650 _aWomen's Rights
650 _aSexual Violence
942 _cL
999 _c4991
_d4991